000 00985nam a2200229 a 4500
001 83344
003 BD-RjUL
005 20240313150958.0
008 240313s2024 bg ||||| |||| 00| 0 ben d
020 _a9789849869719
035 _a(BD-RjUL)83344
040 _aBD-RjUL
_beng
_cBD-RjUL
041 _aben
082 _223
_a378.54924
_bSMR 2024
245 _aস্মৃতিতে রাজশাহী বিশ্ববিদ্যালয় /
_cসম্পাদনা আবুল কাশেম
260 _aঢাকা :
_bকথাপ্রকাশ,
_c২০২৪
300 _a২৭৮ পৃ.;
_c২২ সেমি.
650 _aরাজশাহী বিশ্ববিদ্যালয়
_xপেশাগত স্মৃতিচারণ ও অভিজ্ঞতা
_912288
650 _aRajshahi University
_xProfessional memories and experiences
_912289
700 _aকাশেম, আবুল (সম্পাদক)
_912299
942 _2ddc
_cBK
999 _c83344
_d83344